000 00865nam a2200277Ia 4500
003 OSt
005 20221006153737.0
006 a|||||r|||| 00| 0
007 ta
008 221006b |||||||| |||| 00| 0 chi d
020 _a9789574441044
_cYu 290.00
024 _a33,208
037 _bgift, Republic of China
_cAnnuals, Advances
040 _aEASL
_cEASL
_bchi
041 _2chi
_achi
082 _aO4295,4NCA, 41P5
100 _aCAI Shi Ping Au.
_9665224
245 0 _aXin Shi Ji Sanwen Jia (12)
_b Cai Shi Ping Jing Xuan Ji
260 _aTaibei
_bJiu ge chu ban she you xian
_c2005
300 _a318p.
_ccm.
490 _v CL
650 _aCL
_9642733
700 _a CHEN Yi zhi Co.
_9665225
942 _hO4295,4NCA, 41P5
_cREF
_2CC
999 _c1101294
_d1101294